000 01168namaa22003011i 4500
005 20260429120359.0
008 260429s1995 ua a|||frm||| 000 0 eng d
040 _aEG-GICUC
_beng
_cEG-GICUC
_dEG-GICUC
_erda
041 0 _aeng
_beng
_bara
049 _aDeposit
097 _aM.A
099 _aCai01.02.12.M.A.1995.Ma.P.
100 0 _aMahmoud Amin Shehab,
_epreparation.
245 1 0 _aThe Puritan Imagination As Revealed In Some Of The Works Of Hawthorne /
_cBy Mahmoud Amin Shehab; Under The Supervision Of Prof. Dr . Hoda Gindi.
246 1 5 _aالخيال البروتستانتي كما يظهر في بعض أعمال هوثورن /
264 0 _c1995.
300 _a88 pages :
_billustrations ;
_c30 cm. +
336 _2rda content
_atext
337 _2rdamedia
_aUnmediated
338 _2rdacarrier
_avolume
502 _aThesis (M.Sc.) (M.A.)-Cairo University, 1995.
504 _aBibliography: pages 84-88.
653 0 _aEnglish Literature
700 0 _aHoda Gindi
_ethesis advisor.
900 _DDepartment of English Literature
_FFaculty of Arts
_UCairo University
_b1995
_cHoda Gindi
905 _aEman El gebaly
942 _2ddc
_cTH
_e21
_n0
999 _c179805